00941nam a2200253Ia 4500003000900000008004100009020001800050040001600068080002300084245008600107260003700193300001300230490005100243650002700294650003900321650003100360700002600391700003600417700003100453700003800484942000700522999001700529952014100546IN-BaIIA211028s9999 xx 000 0 eng d a0-7923-6995-5 cIIA Library a52(082.1)bASS-262 0aWhistler phenomenabshort impulse propagationcedited by Csaba Ferencz…[et al.] aDordrechtbKluwer Academicc2001 ax, 260p. aAstrophysics and space science library; v. 262 aElectron plasma925932 aElectronic wave propagation925933 aMaxwell's equations925934 aFerencz, Csaba925935 aFerencz, Orsolya E., ed.925936 aHamar, Daniel., ed.925937 aLichtenberger, Janos., ed.925938 cBK c14580d14580 00104070aBANbBANcGENd2002-04-16eANJ g4701.40l0o52(082.1)/ ASS-262p15502r2021-11-05v4701.40w2002-04-16yBKGRs. 4701.40